|
|
|
|
| LEADER |
00000nam0a2200000 4500 |
| 001 |
66583 |
| 005 |
20231031072501.0 |
| 035 |
|
|
|a (RuTPU)RU\TPU\book\70775
|
| 090 |
|
|
|a 66583
|
| 100 |
|
|
|a 20040827d1970 km y0rusy50 ca
|
| 101 |
0 |
|
|a rus
|
| 102 |
|
|
|a RU
|
| 105 |
|
|
|a a z 001zy
|
| 200 |
1 |
|
|a Художественное конструирование в машиностроении
|f Л. Б. Богданович, В. А. Бурьян, Ф. И. Раутман
|
| 210 |
|
|
|c Технiка
|d 1970
|a Киев
|
| 215 |
|
|
|a 113 с.
|c ил.
|
| 320 |
|
|
|a Библиогр.: с. 109-111.
|
| 610 |
1 |
|
|a конструирование
|
| 610 |
1 |
|
|a художественное конструирование
|
| 610 |
1 |
|
|a машины
|
| 610 |
1 |
|
|a практика
|
| 610 |
1 |
|
|a цвет
|
| 610 |
1 |
|
|a промышленные образцы
|
| 610 |
1 |
|
|a машиностроение
|
| 675 |
|
|
|a 658.5:18
|v 3
|
| 675 |
|
|
|a 621.80:658.5
|v 3
|
| 700 |
|
1 |
|a Богданович
|b Л. Б.
|g Леонид Болеславович
|
| 701 |
|
1 |
|a Бурьян
|b В. А.
|g Владимир Андреевич
|
| 701 |
|
1 |
|a Раутман
|b Ф. И.
|g Феликс Израилевич
|
| 801 |
|
1 |
|a RU
|b 63413507
|c 20040827
|g PSBO
|
| 801 |
|
2 |
|a RU
|b 63413507
|c 20210111
|g PSBO
|
| 900 |
|
|
|a Конструирование художественных изделий
|
| 942 |
|
|
|c BK
|